[Event "Lake Sevan 2017"]
[Site "Yerevan"]
[Date "2017.07.20"]
[Round "7"]
[White "Ter-Sahakyan, Samvel"]
[Black "Kovalenko, Igor"]
[Result "0-1"]
[WhiteElo "2605"]
[BlackElo "2659"]
[Annotator "TA"]
[PlyCount "86"]
[EventDate "2017.??.??"]
[EventCountry "ARM"]
[SourceTitle "playchess.com"]
[Source "ChessBase"]
[SourceQuality "1"]

{[%evp 15,86,0,0,0,8,12,19,0,-12,-18,0,-9,0,0,65,66,65,67,67,62,58,72,66,65,87,88,84,66,88,75,110,62,100,82,78,77,67,44,51,31,72,76,75,77,77,86,124,122,103,107,242,0,0,-151,-142,-541,-579,-562,-577,-548,-544,-527,-516,-508,-388,-511,-508,-1671,-1663,-1669,-1539,-1300,-1257]} 1. e4 e6 2. d4 d5 3. Nc3 Bb4 4. e5 c5 5. a3 Bxc3+ 6. bxc3 Qa5 7. Bd2 Qa4 8. Qg4 Kf8 9. Qd1 {C18: French: 3 Nc3 Bb4: Main line: 7 h4 and 7 Qg4} (9. Nf3 b6 10. c4 Ne7 11. Bd3 dxc4 12. dxc5 bxc5 13. Ng5 h6 14. Nh7+ Rxh7 15. Bxh7 Bb7 16. O-O Nbc6 {1-0 (29) Caruana,F (2817)-Naroditsky,D (2646) Saint Louis 2017}) 9... b6 10. dxc5 bxc5 11. Nf3 {The position is equal.} (11. c4 $5) 11... Ne7 12. Rb1 Ba6 13. Bxa6 Qxa6 14. Qe2 $36 {[%mdl 2048] White is pushing.} Nec6 (14... c4 $11) 15. Be3 $14 c4 $146 ({Predecessor:} 15... Qxe2+ 16. Kxe2 Nd7 {0-1 (112) Young,D (1807)-Brzezinski,A (2203) London 2016}) 16. Bc5+ Kg8 17. O-O h6 18. Nd4 Nd7 19. Bd6 Nxd4 20. cxd4 Kh7 21. Rb3 Qc6 22. Rg3 Rhg8 23. Rh3 Nf8 24. f4 f5 25. g4 Qe8 26. Rg3 Rd8 27. Kh1 Ng6 28. g5 Rd7 29. Qh5 Nh8 30. Qh3 Rb7 31. Rfg1 Ng6 {[%cal Bh8g6,Bg6f4,Bf4h3,Bh3g1][%mdl 32]} 32. Qh5 {Hoping for gxh6.} Qf7 ({Don't blunder} 32... Nxf4 $2 33. g6+ Kh8 34. Qf3 $18) (32... Qd8 $16) 33. gxh6 $2 (33. Bb4 $1 $18) 33... Nxf4 $11 34. Qf3 $2 {[#]} ({White should play} 34. Qg5 $11 Ne2 35. hxg7 Nxg3+ 36. Rxg3 Rb1+ 37. Kg2 Rxg7 38. Qh4+ Kg8 39. Qd8+ Kh7 40. Qh4+ Kg8 41. Qd8+ Kh7 42. Qh4+) 34... g5 $1 $17 35. h4 $2 {[%mdl 8192] [#]} (35. Rxg5 $17 Rxg5 36. Rxg5 Rb1+ 37. Rg1 Rxg1+ 38. Kxg1 Qg6+ 39. Kh1) 35... Nh3 $1 $19 {[%mdl 512]} 36. hxg5 (36. Rxh3 g4) 36... Nxg1 37. Rxg1 Rb2 38. Rg2 Rb1+ 39. Kh2 Re1 40. Bf8 Re4 {Black is clearly winning.} 41. Bg7 (41. Bb4 $142 Rxd4 42. Kh3) 41... Qg6 42. Bf6 Rb8 43. Qd1 Rb2 {Precision: White = 62%, Black = 53%.} 0-1

[Event "Lake Sevan 2017"]
[Site "Yerevan"]
[Date "2017.07.20"]
[Round "7"]
[White "Martirosyan, Haik M"]
[Black "Petrosyan, Manuel"]
[Result "0-1"]
[WhiteElo "2544"]
[BlackElo "2553"]
[Annotator "TA"]
[PlyCount "136"]
[EventDate "2017.??.??"]
[EventCountry "ARM"]
[SourceTitle "playchess.com"]
[Source "ChessBase"]
[SourceQuality "1"]

{[%evp 18,136,28,16,23,5,5,4,18,12,49,54,50,43,78,20,19,7,6,6,4,6,4,5,9,4,12,6,22,11,8,0,13,10,12,7,13,12,14,0,0,0,0,-6,-10,-23,-27,-39,-41,-123,-86,-231,-125,-159,-149,-169,-147,-119,-100,-180,-117,-224,-230,-220,-230,-233,-218,-228,-230,-224,-231,-253,-262,-378,-336,-397,-406,-532,-533,-862,-867,-831,-814,-1359,-1372,-1195,-1310,-1378,-1281,-1758,-1719,-29944,-29949,-5593,-5517,-29973,-29975,-29975,-29974,-29974,-29974,-29973,-29974,-29973,-29974,-29972,-29971,-29964,-29966,-29977,-29978,-29978,-29979,-29979,-29980,-29980,-29981,-29981,-29982,-29983,-29984]} 1. d4 Nf6 2. c4 e6 3. Nf3 d5 4. Nc3 Bb4 5. Bg5 h6 6. Bxf6 Qxf6 7. e3 O-O 8. Rc1 dxc4 9. Bxc4 c5 10. O-O cxd4 {D38: Queen's Gambit Declined: Ragozin Defence (4 Nf3 Bb4)} 11. Ne4 (11. Nxd4 Bd7 12. Ne4 Qe7 13. Bd3 Nc6 14. Nb3 Na5 15. Rc7 Rfd8 16. Nxa5 Bxa5 17. Rxb7 Qf8 18. Qh5 Bb6 19. Ng5 {½-½ (28) Radjabov,T (2710)-Harikrishna,P (2755) Shamkir 2017}) 11... Qe7 12. a3 Ba5 {The position is equal.} 13. Qxd4 Nc6 (13... Rd8 $5 {[%cal Rd8d4]} 14. Qc5 Qxc5 15. Nxc5 Nd7 $11) 14. Qc5 Bd7 15. Bb5 $146 {Hoping for Qxe7.} ({Predecessor:} 15. Rfd1 Rfd8 16. Qxe7 Nxe7 17. Nd6 Bc6 18. Ne5 Rxd6 19. Rxd6 Bc7 20. Nxf7 Kxf7 21. Rxe6 Kf8 22. Bb5 Kf7 23. Bc4 Kf8 24. Bb5 Kf7 {½-½ (24) Sarana,A (2468)-Olafsson,H (2540) Moscow 2017}) 15... Rfd8 16. Rfd1 (16. Rcd1 $16 {aiming for Qxe7.} Bc8 17. Bxc6 Qxc5 18. Nxc5 bxc6 19. b4 Rxd1 20. Rxd1) 16... Rac8 17. g4 (17. Rb1 {feels hotter.} Be8 18. Qxe7 Rxd1+ 19. Rxd1 Nxe7 20. Bxe8 Rxe8 21. Kf1) 17... Bb6 18. Qxe7 Nxe7 19. Bxd7 Rxc1 20. Rxc1 {Threatens to win with Ba4.} Rxd7 21. Nc3 Nc6 22. Na4 Kf8 23. Kg2 Ke7 24. Rc3 Rd5 25. h4 Rb5 26. Rc2 h5 27. g5 Ra5 28. Nc3 Rc5 29. b4 Rc4 30. Kh3 Nb8 31. Nd2 (31. Ne5 $5 {[%cal Re5c4]} Rc7 32. Nd3 $11) 31... Rc7 32. Kg3 a5 33. b5 ({White should try} 33. Rc1 $15) 33... Nd7 34. f4 (34. Rc1 $17 {was necessary.}) 34... a4 ({Black should play} 34... Bxe3 $19 {...Nb6 is the strong threat.} 35. Nd5+ exd5 36. Rxc7 Bxd2 37. Rxb7 Be3) 35. Kf3 Ba5 36. Ndb1 Nb6 37. Ke2 Rc5 38. Kd3 (38. e4 $17 {was worth a try.}) 38... Nd5 $19 39. Nxa4 (39. b6 $17 {was called for.}) 39... Rxc2 ({Worse is} 39... Rxb5 40. Nd2 $11) 40. Kxc2 Nxe3+ $17 {[%mdl 4096] Endgame KBN-KNN} 41. Kd3 Ng2 42. Ke4 Nxh4 43. Nc5 b6 44. Nb3 Nf5 45. Nxa5 (45. a4 $142) 45... Nd6+ $19 (45... bxa5 $2 46. a4 $19) 46. Ke3 {And now Nc6+ would win.} bxa5 {KN-KN} 47. a4 {[#]} Nc4+ $1 48. Kd4 h4 49. Ke4 Kd6 50. g6 fxg6 51. Kf3 Kc5 52. Kg4 {[#]} g5 $1 53. fxg5 g6 54. Kxh4 Kb4 55. Kg3 Kxa4 56. Kf4 Kxb5 {Black mates.} 57. Ke4 Kb4 58. Kd3 Kb3 59. Nc3 Ne5+ 60. Kd4 Nc6+ 61. Kd3 a4 62. Ne4 Kb2 63. Nd2 Na5 64. Ne4 a3 65. Nc3 a2 66. Nxa2 Kxa2 67. Kd4 Nc6+ 68. Kc5 e5 {Precision: White = 39%, Black = 85%.} 0-1

[Event "Lake Sevan 2017"]
[Site "Yerevan"]
[Date "2017.07.20"]
[Round "7"]
[White "Harutyunian, Tigran K"]
[Black "Nabaty, Tamir"]
[Result "0-1"]
[WhiteElo "2517"]
[BlackElo "2650"]
[Annotator "TA"]
[PlyCount "58"]
[EventDate "2017.??.??"]
[EventCountry "ARM"]
[SourceTitle "playchess.com"]
[Source "ChessBase"]
[SourceQuality "1"]

{[%evp 14,58,0,-38,-34,-28,-24,-35,-25,-68,-58,-145,-149,-146,-143,-155,-161,-160,-161,-316,-306,-310,-306,-290,-302,-295,-312,-305,-310,-310,-293,-305,-272,-410,-374,-493,-499,-491,-499,-479,-421,-418,-404,-424,-412,-612,-611]} 1. d4 d5 2. Nf3 Nf6 3. c4 e6 4. Nc3 c6 5. e3 Nbd7 6. b3 Bb4 7. Bd2 Qe7 8. Bd3 {LiveBook: 3 Games. D45: Semi-Slav: 5 e3} (8. Qc2 O-O 9. Be2 e5 10. cxd5 cxd5 11. a3 Ba5 12. O-O e4 13. Ne1 Bxc3 14. Bxc3 Re8 15. Qd2 Nf8 {½-½ (77) Nyzhnyk,I (2628)-Sevian,S (2556) Saint Louis 2015}) 8... e5 9. dxe5 Nxe5 10. Nxe5 {Black has an edge.} Qxe5 11. f4 Qe7 {Hoping for ...d4.} 12. O-O ({Better is} 12. cxd5 $1 $15 Bxc3 13. Bxc3) 12... dxc4 $17 13. bxc4 Bg4 $146 ({Predecessor:} 13... O-O 14. Qc2 Rd8 15. Rf3 Bg4 16. Rg3 Qd7 17. e4 Nh5 18. Rxg4 Qxg4 19. Ne2 Bc5+ 20. Kh1 Qd7 {0-1 (20) Vidmar,M-Vukovic,S Novi Sad 1945}) 14. Qc2 O-O-O {And now ...Qd7 would win.} 15. Rab1 Rd7 16. Nb5 $2 (16. Rxb4 {is a better defense.} Qxb4 17. Nd5) 16... Bxd2 $19 17. Nxa7+ {[#]} Kc7 $1 18. Qxd2 {Intending Qa5+ and mate.} Qa3 19. Nb5+ cxb5 20. Rb3 Qa7 21. cxb5 {[#] aiming for b6+.} Qb6 $1 22. f5 Re8 23. Kh1 (23. Re1 $142) 23... Rxe3 24. Qf2 {intending Be2.} Qd4 25. b6+ Kd8 26. Bc4 Rxb3 ({Less strong is} 26... Qxc4 27. Rxe3 Rd5 28. Rb1 $17) 27. Qxd4 Rxd4 28. axb3 Ne4 29. Kg1 (29. Bxf7 $142 Bxf5 30. Bg8) 29... Nd2 {Precision: White = 19%, Black = 95%.} 0-1

[Event "Lake Sevan 2017"]
[Site "Yerevan"]
[Date "2017.07.20"]
[Round "8"]
[White "Kovalenko, Igor"]
[Black "Harutyunian, Tigran K."]
[Result "1/2-1/2"]
[WhiteElo "2659"]
[BlackElo "2517"]
[Annotator "TA"]
[PlyCount "84"]
[EventDate "2017.??.??"]
[EventCountry "ARM"]
[SourceTitle "playchess.com"]
[Source "ChessBase"]
[SourceQuality "1"]

{[%evp 12,84,24,17,19,12,12,11,33,13,61,0,0,0,29,32,45,49,40,34,34,10,25,0,2,0,0,7,0,-23,57,65,102,0,0,-28,0,0,0,0,0,0,0,-7,58,50,47,-41,0,-61,-39,-39,-39,-39,0,0,0,0,0,0,0,-162,-147,-140,0,0,-118,0,0,0,0,0,0,0,0]} 1. d4 Nf6 2. c4 e6 3. Nc3 d5 4. cxd5 Nxd5 5. e4 Nxc3 6. bxc3 c5 7. Rb1 Be7 {D35: Queen's Gambit Declined: Exchange Variation} 8. Nf3 O-O 9. Bc4 b6 $146 ({Predecessor:} 9... Nc6 10. O-O b6 11. d5 Na5 12. Bd3 c4 13. Bc2 exd5 14. exd5 Bb7 15. Re1 {1-0 (31) Svidler,P (2749)-Hou,Y (2666) Geneve 2017}) 10. O-O Bb7 11. Qe2 ({Better is} 11. d5 $14) 11... Nc6 $11 {[%cal Rc5d4]} 12. Rd1 cxd4 13. cxd4 Qc7 14. Bb2 Na5 15. Bd3 Rac8 16. h4 Rfe8 17. h5 (17. Rbc1 $5 {[%cal Rc1c7]} Qd6 18. Ne5 $11) 17... h6 18. Ne5 Bg5 19. Bb5 Red8 20. Qg4 a6 (20... Bf6 $11) 21. Bd3 $14 b5 {[#]} 22. f4 (22. d5 $1 $16 {[%cal Rd5e6][%mdl 512]} exd5 23. exd5) 22... Bf6 $11 23. Rbc1 (23. d5 $5) 23... Qb6 {Strongly threatening ...Rxc1.} 24. Rxc8 Bxc8 25. Kh2 {Nxf7! is the strong threat.} Nc4 26. Bxc4 bxc4 27. Bc3 Bb7 ({Black should play} 27... Qc7 $11) 28. d5 $1 $14 exd5 {White must now prevent ...d4.} 29. exd5 ({White should try} 29. Nd7 $14 Rxd7 30. Bxf6 Qxf6 31. Qxd7) 29... Bxe5 (29... Rxd5 $2 30. Rxd5 Bxd5 31. Nd7 $18) 30. fxe5 (30. Bxe5 $11 f6 31. Rb1) 30... Rxd5 31. e6 $1 {[%csl Gc3][%cal Rg4g7]} Qc7+ 32. g3 {[%csl Gc3][%cal Rg4g7]} Rg5 33. Rd7 Qc5 ({Weaker is} 33... Rxg4 34. exf7+ Kh7 35. Rxc7 Rg5 36. g4 Rxg4 37. f8=Q Rh4+ 38. Kg3 Rg4+ 39. Kxg4 Bc8+ 40. Rxc8 g6 41. Qh8#) 34. exf7+ Kh7 {( -> ...Qf2+)} 35. Bd4 $40 {[%mdl 128] White mounts an attack.} Qa3 $1 {[%cal Ra3a2]} (35... Rxg4 $2 {loses.} 36. Bxc5 Bc6 37. Rc7 $18) ({Don't capture} 35... Rxh5+ $2 36. Kg1 $18) 36. f8=N+ $2 (36. Qxg5 $1 $11 {and White has nothing to worry.} hxg5 37. Rxb7) 36... Qxf8 $19 37. Qf4 {[#]} Rxh5+ (37... Qxf4 $1 $17 38. gxf4 Rg2+ 39. Kh3 Bc8 40. Kxg2 Bxd7) 38. Kg1 $11 Rh1+ 39. Kf2 Rh2+ {The position is equal.} 40. Kf1 $1 Rh1+ 41. Kf2 $1 Rh2+ 42. Kf1 $1 Rh1+ {Precision: White = 53%, Black = 43%.} 1/2-1/2

[Event "Lake Sevan 2017"]
[Site "Yerevan"]
[Date "2017.07.20"]
[Round "8"]
[White "Nabaty, Tamir"]
[Black "Amin, Bassem"]
[Result "1/2-1/2"]
[WhiteElo "2650"]
[BlackElo "2672"]
[Annotator "TA"]
[PlyCount "97"]
[EventDate "2017.??.??"]
[EventCountry "ARM"]
[SourceTitle "playchess.com"]
[Source "ChessBase"]
[SourceQuality "1"]

{[%evp 19,97,14,34,21,43,39,51,21,20,17,20,15,20,2,18,0,10,0,6,2,2,26,26,32,32,14,10,0,0,0,0,0,0,0,0,0,19,0,0,0,0,0,9,9,7,10,7,0,20,12,11,14,66,69,77,17,16,0,6,0,0,0,25,0,0,0,0,0,12,0,0,0,0,0,0,0,0,0,0,0]} 1. e4 e5 2. Nf3 Nc6 3. Bc4 Bc5 4. O-O Nf6 5. d3 d6 6. c3 a6 7. a4 O-O 8. Nbd2 {C54: Giuoco Piano: 4 c3 Nf6, main lines with 5 d4 and 5 d3} h6 9. Re1 Re8 10. Nf1 Ba7 {LiveBook: 8 Games} 11. Qb3 Be6 $146 ({Predecessor:} 11... Qe7 12. a5 Rb8 13. Be3 Be6 14. Bxe6 Qxe6 15. Qxe6 Rxe6 16. Bxa7 Nxa7 {½-½ (63) Carlsen,M (2832)-Mamedyarov,S (2800) Paris 2017}) 12. Bxe6 Rxe6 13. Be3 Bxe3 14. Nxe3 Rb8 15. g3 Qd7 16. Nh4 Ree8 17. Nhf5 Kh7 18. Rad1 Qe6 19. Qc2 g6 20. Nh4 d5 21. exd5 Nxd5 22. Nc4 Qf6 23. Qe2 b5 24. axb5 axb5 25. Ne3 Rbd8 26. Nxd5 Rxd5 27. f4 Re6 {[%cal Be8e6,Be6d6,Bd6d5][%mdl 32]} 28. Qf3 (28. f5 $5 gxf5 29. Rf1 $14) 28... Red6 29. f5 g5 30. Ng2 e4 31. Qxe4 Re5 32. Qg4 $1 {Hoping for Ne3.} Rxe1+ 33. Nxe1 Rd5 34. d4 {Strongly threatening Ng2.} Rxf5 {( -> ...Rf1+)} 35. Qe4 Kg7 (35... Qg6 $11 36. Qe2 b4) 36. Ng2 $14 Qg6 {[#] White must now prevent ...Rf1+!} 37. Re1 (37. Qe2 $1 $16) 37... Rf6 $11 38. Qxg6+ Kxg6 {[%mdl 4096] Endgame KRN-KRN} 39. Re8 Na5 40. Ne3 (40. Rg8+ {seems wilder.} Kh7 41. Rb8 c6 42. Ne3 Rf3 43. Re8) 40... Re6 41. Rxe6+ (41. Ra8 {keeps more tension.} Nc4 42. Nxc4 bxc4 43. Ra4 Re1+ 44. Kf2) 41... fxe6 {KN-KN. The position is equal.} 42. Kf2 h5 43. Kf3 Nb7 44. d5 Kf6 45. dxe6 Kxe6 46. h4 gxh4 47. gxh4 Ke5 48. Ng2 Nd6 49. Nf4 {Precision: White = 48%, Black = 52%.} 1/2-1/2

[Event "Lake Sevan 2017"]
[Site "Yerevan"]
[Date "2017.07.20"]
[Round "8"]
[White "Swiercz, Dariusz"]
[Black "Ter-Sahakyan, Samvel"]
[Result "1/2-1/2"]
[WhiteElo "2637"]
[BlackElo "2605"]
[Annotator "TA"]
[PlyCount "53"]
[EventDate "2017.??.??"]
[EventCountry "ARM"]
[SourceTitle "playchess.com"]
[Source "ChessBase"]
[SourceQuality "1"]

{[%evp 17,53,25,30,16,28,22,25,0,9,6,27,8,31,35,31,28,50,26,23,20,31,22,24,34,33,23,26,11,31,25,38,38,38,38,38,38,38,39]} 1. e4 e5 2. Nf3 Nf6 3. Nxe5 d6 4. Nf3 Nxe4 5. Nc3 Nxc3 6. dxc3 Be7 7. Be3 Nc6 8. Qd2 Be6 9. O-O-O {C42: Petroff Defence: 3 Nxe5 and unusual White 3rd moves} Qd7 {LiveBook: 243 Games} ({Of course not} 9... Bxa2 $6 10. b3 $16) 10. b3 (10. Kb1 a6 11. h4 h6 12. Be2 O-O-O 13. Nd4 Nxd4 14. Bxd4 Rhg8 15. c4 Rde8 16. g3 Bd8 17. b3 Bf5 18. Rhe1 g5 {½-½ (18) Kryvoruchko,Y (2714)-Li,C (2722) Chartres 2017}) 10... a6 11. h3 {White has an edge.} O-O-O 12. g4 h6 (12... h5 $5 {[%cal Rh5g4]} 13. g5 f6 $11) 13. Bg2 Bf6 14. Rhe1 $146 ({Find the theoretical novelty and annotate with similar games:} 14. Nd4 Bxd4 15. cxd4 d5 16. f4 f5 {½-½ (41) Lyell,M (2249)-Stigar,P (2235) Budapest 2017}) 14... Rhe8 15. Kb1 Kb8 16. Re2 Re7 17. Rde1 Rde8 18. Kb2 Qd8 19. Nd4 Bd7 20. Nxc6+ Bxc6 21. Bxc6 bxc6 22. Bd4 {[#] Threatens to win with Bxf6.} Re6 23. f4 {[%cal Bf2f4,Bf4f5][%mdl 32]} c5 24. Bxf6 {White is slightly better.} Qxf6 25. f5 Re5 26. Qd3 Kb7 27. Rxe5 {Precision: White = 59%, Black = 41%.} 1/2-1/2

[Event "Lake Sevan 2017"]
[Site "Yerevan"]
[Date "2017.07.20"]
[Round "8"]
[White "Petrosyan, Manuel"]
[Black "Gabuzyan, Hovhannes"]
[Result "1/2-1/2"]
[WhiteElo "2553"]
[BlackElo "2569"]
[Annotator "TA"]
[PlyCount "24"]
[EventDate "2017.??.??"]
[EventCountry "ARM"]
[SourceTitle "playchess.com"]
[Source "ChessBase"]
[SourceQuality "1"]

{[%evp 23,24,-2,0]} 1. d4 Nf6 2. c4 e6 3. g3 d5 4. Bg2 Be7 5. Nf3 O-O 6. O-O dxc4 7. Qc2 a6 8. Qxc4 b5 9. Qc2 Bb7 10. Bd2 Be4 11. Qc1 Bb7 $146 ({Predecessor:} 11... c6 12. Rd1 Nbd7 13. Nc3 Bg6 14. a3 c5 15. Be3 Qc7 16. Ne5 cxd4 17. Nxg6 hxg6 18. Bxa8 dxe3 19. Nd5 exf2+ {1-0 (80) Hou,Y (2652)-Hammer,J (2621) Moscow 2017}) 12. Qc2 Be4 {LiveBook: 1163 Games} 1/2-1/2

[Event "Lake Sevan 2017"]
[Site "Yerevan"]
[Date "2017.07.20"]
[Round "8"]
[White "Martirosyan, Haik M."]
[Black "Kravtsiv, Martyn"]
[Result "1/2-1/2"]
[WhiteElo "2544"]
[BlackElo "2657"]
[Annotator "TA"]
[PlyCount "34"]
[EventDate "2017.??.??"]
[EventCountry "ARM"]
[SourceTitle "playchess.com"]
[Source "ChessBase"]
[SourceQuality "1"]

{[%evp 22,34,7,-10,11,-8,-4,-18,-18,-19,-12,-20,-23,-23,-23]} 1. d4 Nf6 2. c4 e6 3. Nf3 d5 4. Nc3 c5 5. cxd5 Nxd5 6. e3 Nc6 7. Bd3 Be7 8. O-O O-O 9. a3 cxd4 10. exd4 Bf6 11. Be4 Nce7 12. Qc2 g6 {D42: Queen's Gambit Declined: Semi-Tarrasch: 5 cxd5 Nxd5 6 e3 Nc6 7 Bd3} 13. Qb3 $146 ({Predecessor:} 13. Bh6 Re8 14. Rad1 b6 15. Ne5 Bb7 16. Ng4 {½-½ (16) Horvath,C (2506)-Kahn,E (2355) Budapest 2002}) 13... b6 14. Bh6 {Strongly threatening Bxd5.} Re8 15. Bxd5 Nxd5 16. Nxd5 Qxd5 17. Qxd5 exd5 1/2-1/2

[Event "Lake Sevan 2017"]
[Site "Yerevan"]
[Date "2017.07.22"]
[Round "9"]
[White "Amin, Bassem"]
[Black "Kovalenko, Igor"]
[Result "1-0"]
[WhiteElo "2672"]
[BlackElo "2659"]
[Annotator "TA"]
[PlyCount "129"]
[EventDate "2017.??.??"]
[EventCountry "ARM"]
[SourceTitle "playchess.com"]
[Source "ChessBase"]
[SourceQuality "1"]

{[%evp 14,129,14,3,4,0,7,0,7,0,10,0,10,-5,1,0,4,17,16,-38,27,41,54,0,0,-14,-11,-12,-8,-22,0,-34,-29,-41,-44,-35,-39,-37,-41,-127,-116,-109,-122,-112,-104,-122,-116,-113,-115,-137,-116,-135,-128,-206,-158,-234,39,31,36,20,30,21,27,17,70,41,41,40,60,59,60,60,59,59,59,59,59,59,59,67,84,60,266,205,184,164,270,270,302,293,278,286,245,245,29959,29959,29954,29961,29959,29962,29961,29963,29961,29961,29965,29963,29968,29969,29972,29972,29973,29972,29982,29983,29983,29984,29985,29986]} 1. e4 e6 2. d3 c5 3. g3 Nc6 4. Bg2 Be7 5. Nf3 Nf6 6. O-O d6 7. Re1 O-O 8. c3 b5 {B30: Sicilian: 2...Nc6 3 Bb5, lines without ...g6} 9. d4 Bb7 10. d5 exd5 {The position is equal.} 11. exd5 Na5 12. Nh4 Qd7 13. Na3 Rfe8 14. b4 Nc4 $146 ({Predecessor:} 14... cxb4 15. cxb4 Nc4 16. Nxc4 bxc4 {1-0 (37) Amin,B (2654)-Haugli,P (2257) Helsingor 2016}) 15. Nxc4 bxc4 16. Rb1 (16. bxc5 $11 dxc5 17. Bg5) 16... cxb4 (16... Bf8 $15) 17. Rxb4 $11 Rac8 18. h3 (18. Nf5 $14 Qxf5 19. Rxb7) 18... Ba8 19. Be3 Bd8 20. Rb1 h6 21. g4 Ne4 (21... Bxd5 $5 22. Bxd5 Nxd5 23. Qxd5 Bxh4 $15) 22. Bxe4 Rxe4 23. Nf5 Re5 24. Bd4 Rxd5 25. Qe2 {Hoping for Qe8+.} ({Don't go for} 25. Nxg7 $2 Rxd4 $1 {[%mdl 512]} 26. cxd4 (26. Qxd4 $2 {loses.} Qc6 $19) 26... Kxg7 $19) 25... Bg5 26. f3 ({White should try} 26. Ne7+ $15 Bxe7 27. Qxe7) 26... Rxf5 $17 27. gxf5 Qxf5 28. Rf1 Qxh3 29. Qg2 Qe6 {Strongly threatening ...Be3+.} 30. Rbe1 Qd5 31. Re2 Kh7 32. Qh3 Rg8 33. Rg2 (33. Rff2 $17) 33... Bb7 34. Kh1 (34. Re2 $17) 34... Re8 $2 (34... Bf4 $19 {...Be5 is the strong threat.} 35. Qg4 Be5) 35. Rxg5 $1 $14 Qxg5 36. Rg1 {[#]} Bxf3+ $1 37. Qxf3 Qh4+ 38. Kg2 f6 (38... Kg8 $11) 39. Qf5+ Kg8 40. Bf2 Qe4+ 41. Qxe4 Rxe4 {[%mdl 4096] Endgame KRB-KR} 42. Kf3 Re5 43. Bxa7 Ra5 44. Bd4 $1 Kf7 45. Ra1 Ra4 46. Ke4 Ke6 47. Rg1 d5+ $2 (47... Kf7 $1 $14) 48. Ke3 Kf7 49. Rg2 Ra3 (49... g5 $142 50. Rb2 Ra6) 50. Kf4 $18 h5 51. Kf5 Ra6 52. Rb2 g6+ 53. Kf4 Ke6 $2 {[#]} (53... Ke8 $18 54. Rb7 Re6) 54. Rb6+ $1 {White mates.} Rxb6 55. Bxb6 {KB-KP} g5+ 56. Kg3 f5 57. a4 Kd7 58. Bd4 Kc6 {[#]} 59. Bf6 $1 {[%cal Rf6g5]} h4+ 60. Kh3 Kc5 61. Be7+ Kc6 62. Bxg5 d4 63. cxd4 c3 64. Kxh4 Kd5 65. a5 {Precision: White = 57%, Black = 47%.} 1-0

[Event "Lake Sevan 2017"]
[Site "Yerevan"]
[Date "2017.07.22"]
[Round "9"]
[White "Kravtsiv, Martyn"]
[Black "Petrosyan, Manuel"]
[Result "1/2-1/2"]
[WhiteElo "2657"]
[BlackElo "2553"]
[Annotator "TA"]
[PlyCount "37"]
[EventDate "2017.??.??"]
[EventCountry "ARM"]
[SourceTitle "playchess.com"]
[Source "ChessBase"]
[SourceQuality "1"]

{[%evp 20,23,17,4,0,-6]} 1. e4 e5 2. Nf3 Nc6 3. Nc3 Nf6 4. d4 exd4 5. Nxd4 Bb4 6. Nxc6 bxc6 7. Bd3 d5 8. exd5 cxd5 9. O-O O-O 10. Bg5 Be6 11. Qf3 ({Don't play} 11. Bxf6 Qxf6 12. Nb5 c6 $15) 11... Rb8 {C47: Scotch Four Knights and Four Knights with 4 g3} (11... Be7 12. h3 Rb8 13. b3 h6 14. Bf4 Bd6 15. Rad1 c5 16. Ne2 Re8 17. Rfe1 Bxf4 18. Nxf4 Qb6 19. Nxe6 Rxe6 20. Rxe6 Qxe6 {½-½ (47) Liu,C (2361)-Asis Gargatagli,H (2504) Barcelona 2016}) 12. Ne2 {Predecessor:} h6 $146 13. Bxf6 Qxf6 14. Qxf6 gxf6 15. b3 c5 16. Nf4 Bd2 17. Nxe6 fxe6 18. c4 Bc3 19. Rac1 {0-1 (62) Frederic,C (2235)-Jolly,J (2366) Nimes 2009} 1/2-1/2

[Event "Lake Sevan 2017"]
[Site "Yerevan"]
[Date "2017.07.22"]
[Round "9"]
[White "Ter-Sahakyan, Samvel"]
[Black "Martirosyan, Haik M"]
[Result "1/2-1/2"]
[WhiteElo "2605"]
[BlackElo "2544"]
[Annotator "TA"]
[PlyCount "69"]
[EventDate "2017.??.??"]
[EventCountry "ARM"]
[SourceTitle "playchess.com"]
[Source "ChessBase"]
[SourceQuality "1"]

{[%evp 9,69,25,29,16,15,12,23,0,-2,0,0,0,8,-9,17,0,0,0,0,0,0,-3,31,0,-12,-83,0,-32,-25,-65,-67,-100,-85,-88,-100,-102,-91,-87,-59,-74,-70,-60,-9,-68,-61,-58,-39,-106,-120,-164,-170,-168,0,0,0,0,0,0,0,0,0,0]} 1. e4 e5 2. Nf3 Nc6 3. Bb5 Nf6 4. d3 Bc5 5. Bxc6 dxc6 6. Qe2 {C65: Ruy Lopez: Berlin Defence (3...Nf6), unusual lines and 4 0-0 Bc5} (6. O-O {keeps more tension.} Bd6 7. Nbd2 Be6 8. b3 Nd7 9. Nc4) (6. O-O Qe7 7. Nbd2 Bg4 8. Nc4 Nd7 9. a3 a5 10. Be3 f6 11. Bxc5 Nxc5 12. Ne3 Bxf3 13. Qxf3 O-O {0-1 (54) Anand,V (2786)-Carlsen,M (2832) Leuven 2017}) 6... Nd7 7. Be3 Bd6 8. d4 {White has an edge.} O-O 9. Nbd2 Re8 10. O-O-O exd4 11. Nxd4 Bf8 $146 ({Predecessor:} 11... Nf6 12. f3 c5 13. Nb5 a6 14. Nxd6 cxd6 {1-0 (51) Alekseenko,K (2588)-Petrosyan,M (2549) Moscow 2017}) 12. g4 {[%cal Bg2g4,Bg4g5][%mdl 32]} c5 {[%cal Bc6c5,Bc5c4,Bc4c3][%mdl 32]} 13. Nf5 Qf6 14. g5 Qe6 15. Kb1 c4 16. Rhg1 (16. Nd4 $5 {[%cal Rd4e6]} Qb6 17. Nxc4 $14) 16... c3 17. Nb3 (17. Nd4 $11 {remains equal.} Qe7 18. bxc3) 17... Ne5 (17... cxb2 $17 18. Ng3 Nb6) 18. Bd4 Ng6 19. Rde1 ({Reject} 19. bxc3 Qxe4 20. Qxe4 Rxe4 $17) 19... cxb2 20. Qf3 {[#]} Qc6 $1 21. Bxb2 Bxf5 22. Qxf5 {[#]} a5 $1 {[%mdl 512]} 23. Nd4 (23. Nxa5 Qa4) 23... Qc5 (23... Qb6 {looks sharper.} 24. Qb5 Qa7 25. f4 c6 26. Qc4 Nxf4 27. Nf5 Ng6) 24. Qxc5 Bxc5 25. Rgf1 Bb4 (25... Ne5 $15 26. Nb5 Rac8 27. Bxe5 Rxe5) 26. Re2 ({Better is} 26. c3 $11 Bd6 27. Bc1) 26... Nf4 $15 27. Re3 Bd2 28. Rf3 ({White should try} 28. Rb3 $15) 28... Rxe4 $17 29. Nf5 {[#]} Ne6 $1 30. h4 Bb4 $2 {[#]} (30... Rd8 $19 31. Rd1 Bxg5) 31. Bxg7 $1 $11 {[%mdl 512] The position is equal.} Nxg7 32. Nh6+ Kh8 {Hoping for ...Ne6.} 33. Nxf7+ Kg8 {aiming for ...Ne6.} 34. Nh6+ Kh8 {And now ...Ne8 would win.} 35. Nf7+ {Precision: White = 41%, Black = 59%.} 1/2-1/2